000 00766nam a22002537a 4500
003 dpl
005 20180810123220.0
008 180810b xxu||||| |||| 00| 0 eng d
010 _aA-898001
020 _c120.00
_a8186880259
035 _aA-898001, A-898005
037 _bCen Lib/Ret
040 _aDPL
_bEN
_c0
082 _a250
_bSAU
100 _aSaunders,Kenneth
_913464
245 _aBuddhism /
_c by Kenneth Saunders
260 _aNew Delhi
_bAravali books international
_c1998
270 _aW-30,Okhla industrial area phase -II
_bNew Delhi
_e110020
300 _a67p.
_c19cm(Hb)
500 _aIncludes bibliographical reference
650 _a Buddhism
_91068
650 _aBuddha (The concept)
_913080
942 _2ddc
_cEN
_h250
_mSAU
999 _c125239
_d125239